|
|
|
|
| LEADER |
00000nam0a2200000 4500 |
| 001 |
347725 |
| 005 |
20231102010030.0 |
| 035 |
|
|
|a (RuTPU)RU\TPU\book\379680
|
| 035 |
|
|
|a RU\TPU\book\138600
|
| 090 |
|
|
|a 347725
|
| 100 |
|
|
|a 20220614d1991 m y0rusy50 ca
|
| 101 |
0 |
|
|a rus
|
| 102 |
|
|
|a RU
|
| 105 |
|
|
|a a z 000aa
|
| 200 |
1 |
|
|a Неподведенные итоги
|f Э. А. Рязанов
|
| 205 |
|
|
|a 3-е изд., доп. и перераб.
|
| 210 |
|
|
|a Ленинград
|c Типография им. Ивана Федорова
|d 1991
|
| 215 |
|
|
|a 592 с.
|
| 225 |
1 |
|
|a Мой 20 век
|
| 330 |
|
|
|a Если вы хотите провести несколько вечеров с интересным собеседником, услышать искренний и ироничный рассказ знаменитого кинорежиссера о своей жизни и творчестве — эта книга для Вас. В ней — своеобразный автобиографический отчет Мастера перед зрителем и читателем, ретроспективный взгляд на уходящий век человека, пытавшегося своим трудом и талантом изменить эпоху.
|
| 600 |
|
1 |
|a Рязанов
|b Э. А.
|c кинорежиссер
|c драматург
|c народный артист СССР (1984)
|c лауреат Государственной премии СССР (1977)
|f 1927-
|g Эльдар Александрович
|2 stltpush
|3 (RuTPU)RU\TPU\pers\18018
|
| 606 |
1 |
|
|a Русская литература современная
|2 stltpush
|3 (RuTPU)RU\TPU\subj\26373
|9 50316
|
| 606 |
1 |
|
|a Кинорежиссура
|2 stltpush
|3 (RuTPU)RU\TPU\subj\14377
|9 40778
|
| 610 |
1 |
|
|a русская литература
|
| 610 |
1 |
|
|a биографическая проза
|
| 610 |
1 |
|
|a кино
|
| 610 |
1 |
|
|a Россия
|
| 610 |
1 |
|
|a 20 век
|
| 610 |
1 |
|
|a кинорежиссеры
|
| 675 |
|
|
|a Р2
|v 3
|
| 675 |
|
|
|a 791.44.071.1
|v 3
|
| 700 |
|
1 |
|a Рязанов
|b Э. А.
|c кинорежиссёр, сценарист, актёр, поэт, автор текстов песен
|c народный артист СССР (1984)
|c лауреат Государственной премии СССР (1977)
|f 1927-2015
|g Эльдар Александрович
|2 stltpush
|3 (RuTPU)RU\TPU\pers\18018
|9 6676
|
| 801 |
|
1 |
|a RU
|b 63413507
|c 20071224
|g PSBO
|
| 801 |
|
2 |
|a RU
|b 63413507
|c 20220705
|g PSBO
|
| 942 |
|
|
|c BK
|